| 000 | 00402nam a22001577a 4500 | ||
|---|---|---|---|
| 003 | SGT | ||
| 082 |
_a615.53 _bG16A |
||
| 100 | _aAACHARYA, SHREE RAM SHARMA | ||
| 245 | _aGAYATRI SADHANA KE PRATAYKASH CHAMATKAR | ||
| 250 | _a1ST | ||
| 260 |
_aMATHURA _bAAKHAND JYOTI SANSTHAN _c2016 |
||
| 300 | _a264 | ||
| 650 | _aAYURVEDA | ||
| 653 | _aGAYATRI, SADHANA , PRATAYKASH, CHAMATKAR | ||
| 942 |
_2ddc _cRARE |
||
| 999 |
_c25366 _d25366 |
||